Responses for Show #3239 - Thursday, October 8, 1998

Melizza Zygmunt game 1.

Contestants

[<< previous game]

Melizza Zygmunt, a stay-at-home mom from Valparaiso, Indiana

Graham Powell, a computer consultant from Shreveport, Louisiana

Jonathan Silbert, a superior court judge from Gulford, Connecticut (whose 1-day cash winnings total $6,600)

[next game >>]

Jeopardy! Round responses

GO PLAY OUTSIDE
NATIONAL MONUMENTS
NAME THAT ARTHROPOD
LAST NAME'S THE SAME
HEY HEY WE'RE THE MANCHUS
FIX THE PROVERB
    $100 20
(Alex: Melizza, in about two years your kids are going to play on one of those!)

Slip 'n Slide

Triple Stumper
    $100 13
Statue of Liberty

Jonathan
    $100 1
Caterpillars

Melizza
    $100 3
Lee

Graham
    $100 8
Mongolia

Jonathan
    $100 19
(Melizza: What is home?)
(Alex: I need you to fix the entire proverb; take a shot at it.)
(Melizza: Be it ever so humble...)
(Alex: This is a new category for us and it's a little difficult to explain.)

Be it ever so humble, there's no place like home

Melizza
    $200 21
Golf course

Graham
    $200 14
U.S. Virgin Islands

Jonathan
    $200 2
Monarch butterfly

Graham
    $200 4
Davis

Jonathan
    $600 9
Ming

Jonathan
    $200 22
Pride cometh before a fall

Graham
    $300 28
Croquet

Graham
    $300 16
Little Big Horn

Jonathan
    $300 15
Wasp

Graham
    $300 5
Rogers

Jonathan
    $300 10
(Melizza: What are khans?)

emperors

JonathanMelizza
    $300 23
A bird in the hand is worth 2 in the bush

Jonathan
    $400 29
Cricket

Graham
    $400 17
Snake

Triple Stumper
    $400 26
Praying Mantis

Graham
    $400 6
Glover

Melizza
    $400 11
Calligraphy

Graham
    $400 24
Absence makes the heart grow fonder

Melizza
    $500 30
(Alex: That's it? You guys were cruising along so nicely there!)

Field hockey

Jonathan
    $500 18
Devils Tower National Monument

Graham
    $500 27
Dragonfly

Graham
    $500 7
Quinn

Graham
    $500 12
Taiwan

Graham
    $500 25
Brevity is the soul of wit

Jonathan

Scores at the first commercial break (after clue 14):

Jonathan Graham Melizza
$1,800 $1,700 $200

Scores at the end of the Jeopardy! Round:

Jonathan Graham Melizza
$3,400 $4,500 $700

Double Jeopardy! Round responses

GO SEE A PLAY OUTSIDE
BLACK AMERICANS
THE ART WORLD
THEY USED TO BE SOAP STARS
BRITISH WHODUNITS
FUN WITH WORDS
    $200 1
Underground Railroad

Graham
    $200 21
Eldridge Cleaver

Jonathan
    $200 14
Salvador Dali

Graham
    $200 26
Demi Moore

Graham
    $200 2
Crossword puzzles

Graham
    $200 8
I'm between jobs

Graham
    $400 7
(Jonathan: What is Arizona?)

New Mexico

JonathanGraham
    $400 22
New Jersey

Jonathan
    $400 15
(Jonathan: What is the Moulin Rouge?)

the Folies Bergère

Jonathan
Triple Stumper
    $400 27
David Hasselhoff

Melizza
    $400 3
Dick Francis

Jonathan
    $400 9
head over heels in love

Jonathan
    $600 13
Abraham Lincoln

Graham
    $2,000 23
(Jonathan: Who are Martin Luther King and...)

Martin Luther King & Ralph Bunche

Jonathan
    $600 16
Henry VIII

Melizza
    $600 28
(Graham: Who is...)

Don Knotts

GrahamMelizza
    $600 4
A.A. Milne

Graham
    $600 10
(Melizza: What is open all hours?)

open after hours

Melizza
Triple Stumper
    $800 19
Oregon Trail

Jonathan
    $800 24
(Alex: And we have a minute left.)

Josephine Baker

Jonathan
    $800 17
(Graham: Who is Rembrandt?)

Peter Paul Rubens

Graham
Triple Stumper
    $800 29
"All My Children"

Melizza
    $800 5
Miss Marple

Jonathan
    $800 11
"I" before "E" except after "C"

Melizza
    $1000 20
(Jonathan: What is Pennsylvania?)

West Virginia

Jonathan
Triple Stumper
    $1000 25
(Graham: Who is Louis Armstrong?)

W.C. Handy

Graham
Triple Stumper
    $1000 18
Edward Hopper

Jonathan
    $1000 30
Eric Roberts

Graham
    $1,500 6
(Jonathan: On the tip of my tongue, but the wrong tip!)

Dorothy Sayers

Jonathan
    $1000 12
an afterthought

Melizza

Scores at the end of the Double Jeopardy! Round:

Jonathan Graham Melizza
$2,900 $5,700 $4,300

[wagering suggestions for these scores]

Final Jeopardy! Round responses

U.S. PRESIDENTS
[A former senator from California.]
JonathanWho was L.B. Johnson?
$2,801
MelizzaWho was Nixon?
$1,600
GrahamWho is George Bush
$2,901
Richard M. Nixon

Final scores:

Jonathan Graham Melizza
$99 $2,799 $5,900
3rd place: Direct TV satellite system 2nd place: a trip to Harvey's Resort Hotel/Casino, Lake Tahoe New champion: $5,900

Game dynamics:

Coryat scores:

Jonathan Graham Melizza
$6,000 $5,700 $4,300
19 R
(including 1 DD),
5 W
(including 2 DDs)
22 R,
3 W
10 R,
2 W

Combined Coryat: $16,000

[game clues] [game scores] [suggest correction]

Game tape date: 1998-08-11
The J! Archive is created by fans, for fans. Scraping, republication, monetization, and malicious use prohibited; this site may use cookies and collect identifying information. See terms. The Jeopardy! game show and all elements thereof, including but not limited to copyright and trademark thereto, are the property of Jeopardy Productions, Inc. and are protected under law. This website is not affiliated with, sponsored by, or operated by Jeopardy Productions, Inc. Join the discussion at JBoard.tv.